00198 a2200073 450000100060000010000150000624500880002126000150010912596 aGottlieb,B aAlternative cures: the most effective Natural Home remedies for 160 Health Problems abRodalec